000 00366nam a2200145Ia 4500
008 150201s2012 xx 000 0 und d
082 _a614
_bE12M
100 _aMAHABALARAJU , D.K.
245 _aESSENTIALS OF COMMUNITY MEDICINE PRACTICE
250 _a1ST
260 _bJAYPEE
_aDELHI
_c2012
300 _a1-366
650 _aCOMMUNITY MEDICINE
942 _2ddc
_cBK
_01
999 _c1617
_d1617